MARC

LEADER 00000nam0a2200000 4500
001 360389
005 20231102011301.0
035 |a (RuTPU)RU\TPU\retro\17715 
090 |a 360389 
100 |a 20210401d1973 k y0rusy50 ca 
101 0 |a rus 
102 |a GE 
105 |a a z 001zy 
200 1 |a Решение некоторых задач теории упругих оболочек и висячих систем  |e монография  |f Л. Г. Мухадзе  |g Академия наук Грузинской ССР, Институт строительной механики и сейсмостойкости 
210 |a Тбилиси  |c Мецниереба  |d 1973 
215 |a 104 с.  |c ил. 
320 |a Библиогр. в конце ст. 
606 1 |a Висячие конструкции  |x Динамический расчет  |2 stltpush  |3 (RuTPU)RU\TPU\subj\2569  |9 31123 
606 1 |a Покрытия-оболочки  |2 stltpush  |3 (RuTPU)RU\TPU\subj\50001  |9 68761 
610 1 |a строительная механика 
610 1 |a математические расчеты 
610 1 |a напряженно-деформированное состояние 
610 1 |a пологие оболочки 
610 1 |a дифференциальные уравнения 
610 1 |a нагрузки 
610 1 |a динамический расчет 
610 1 |a висячие покрытия 
610 1 |a покрытия 
675 |a 624.071  |v 4 
675 |a 624.074.4  |v 4 
700 1 |a Мухадзе  |b Л. Г.  |g Лия Георгиевна 
712 0 2 |a Академия наук Грузинской ССР  |b Институт строительной механики и сейсмостойкости  |c (Тбилиси)  |2 stltpush  |3 (RuTPU)RU\TPU\col\19757  |9 27597 
801 1 |a RU  |b 63413507  |c 20210401 
801 2 |a RU  |b 63413507  |c 20211006  |g RCR 
942 |c BK